Directory of agricultural institutions in SAARC countries 3rd rev ed (Record no. 44111)
[ view plain ]
| 000 -LEADER | |
|---|---|
| fixed length control field | 00319nam a2200109Ia 4500 |
| 020 ## - INTERNATIONAL STANDARD BOOK NUMBER | |
| ISBN | 9843210255 |
| 082 ## - DEWEY DECIMAL CLASSIFICATION NUMBER | |
| Classification number | 061.6:63(058)(5-13) |
| Item number | DIR |
| 245 #0 - TITLE STATEMENT | |
| Title | Directory of agricultural institutions in SAARC countries 3rd rev ed |
| 260 ## - PUBLICATION, DISTRIBUTION, ETC. (IMPRINT) | |
| Place of publication | Bangladesh |
| Name of publisher | SAIC |
| Year of publication | 2003 |
| 942 ## - ADDED ENTRY ELEMENTS (KOHA) | |
| Koha item type | Books |
| Withdrawn status | Lost status | Damaged status | Not for loan | Home library | Current library | Date acquired | Source of acquisition | Full call number | Accession Number | Koha item type |
|---|---|---|---|---|---|---|---|---|---|---|
| RRII Library | RRII Library | 16/12/2021 | Gift | 061.6:63(058)(5-13) DIR | G00859 | Books |